000 00687nam a2200241 i 4500
001 C2-0228955
003 PPAK
005 20180728155912.0
008 000910s1996 nyua|||| ||||| | eng d
020 _a0689802714
040 _aPPAK
_beng
_cPPAK
_erda
082 0 4 _a823
_223
090 0 0 _a823
_bKRE
_dK
100 1 _aKrensky, Stephen,
_eauthor
245 1 0 _aMy teacher's secret life
264 1 _aNew York :
_bSimon & Schuster Books For Young Readers ,
_c1996
300 _a[n.p.] :
_bcolour illustrations ;
_c26 cm
336 _2rdacontent
_atext
337 _2rdamedia
_aunmediated
338 _2rdacarrier
_avolume
650 1 0 _aChildren's stories, English
942 _ddc
_cB
999 _c148722
_d148722